Sri Aurobindo For The Young/ (Record no. 208797)

MARC details
000 -LEADER
fixed length control field 00568nam a22001817a 4500
005 - DATE AND TIME OF LATEST TRANSACTION
control field 20250127124542.0
010 ## - LCCN (DPL NO)
LC control number ENG-143597
020 ## - INTERNATIONAL STANDARD BOOK NUMBER
International Standard Book Number 9789354914911
Terms of availability 155.00
035 ## - SYSTEM CONTROL NUMBER
System control number EN-127129
037 ## - SOURCE OF ACQUISITION
Source of stock number/acquisition DBAD
082 ## - DEWEY DECIMAL CLASSIFICATION NUMBER
Classification number 181.499
100 ## - MAIN ENTRY--PERSONAL NAME
Personal name Bijlani, Ramesh
245 ## - TITLE STATEMENT
Title Sri Aurobindo For The Young/
Statement of responsibility, etc by Ramesh Bijlani
260 ## - PUBLICATION, DISTRIBUTION, ETC. (IMPRINT)
Place of publication, distribution, etc New Delhi
Name of publisher, distributor, etc National Book Trust, India
Date of publication, distribution, etc 2022
270 ## - ADDRESS
Address Nehru Bhawan, 5 Institutional Area, Phase-II Vasant Kunj
City New Delhi
Postal code 110070
300 ## - PHYSICAL DESCRIPTION
Extent 86p.
Dimensions 21cm(pb)
942 ## - ADDED ENTRY ELEMENTS (KOHA)
Source of classification or shelving scheme Dewey Decimal Classification
Item type Children Books
Call number suffix BIJ
Classification part 181.499
Holdings
Withdrawn status Lost status Not for loan Collection code Home library Current library Date acquired Source of acquisition Cost, normal purchase price Full call number Barcode Copy number Cost, replacement price Koha item type
      Non-fiction Vinoba Puri Vinoba Puri 27/01/2025 Delivery of Books Act Division 155.00 BIJ 181.499 EN-127129 1 155.00 Children Books

© Delhi Public Library
Hit Counter
free hit counter